| 000 -CABECERA |
| campo de control de longitud fija |
01783nam a2200277 i 4500 |
| 003 - IDENTIFICADOR DEL NÚMERO DE CONTROL |
| campo de control |
OSt |
| 005 - FECHA Y HORA DE LA ÚLTIMA TRANSACCIÓN |
| campo de control |
20230626184938.0 |
| 007 - CAMPO FIJO DE DESCRIPCIÓN FÍSICA--INFORMACIÓN GENERAL |
| campo de control de longitud fija |
ta |
| 008 - DATOS DE LONGITUD FIJA--INFORMACIÓN GENERAL |
| campo de control de longitud fija |
200421s2008 ck a gr 000 f spa d |
| 020 ## - NÚMERO INTERNACIONAL ESTÁNDAR DEL LIBRO |
| Número Internacional Estándar del Libro |
9789583000508 |
| 040 ## - FUENTE DE LA CATALOGACIÓN |
| Lengua de catalogación |
spa |
| Normas de descripción |
rda |
| Centro/agencia transcriptor |
CO-MqBPB |
| 041 0# - CÓDIGO DE LENGUA |
| Código de lengua del texto/banda sonora o título independiente |
spa |
| 043 ## - CÓDIGO DE ÁREA GEOGRÁFICA |
| Código de área geográfica |
s-sp--- |
| 082 ## - NÚMERO DE LA CLASIFICACIÓN DECIMAL DEWEY |
| Número de clasificación |
AN |
| Número de documento/Ítem |
VALp |
| 100 1# - ENTRADA PRINCIPAL--NOMBRE DE PERSONA |
| Nombre de persona |
Valera, Juan |
| Fechas asociadas al nombre |
1824-1905 |
| Término indicativo de función/relación |
autor |
| 9 (RLIN) |
218459 |
| 245 10 - MENCIÓN DE TÍTULO |
| Título |
Pepita Jiménez/ |
| Mención de responsabilidad, etc. |
Juan Valera. |
| 250 ## - MENCIÓN DE EDICIÓN |
| Mención de edición |
Tercera edición |
| 264 #1 - PRODUCCIÓN, PUBLICACIÓN, DISTRIBUCIÓN, FABRICACIÓN Y COPYRIGHT |
| Producción, publicación, distribución, fabricación y copyright |
Bogotá, Colombia |
| Nombre del de productor, editor, distribuidor, fabricante |
Panamericana, |
| Fecha de producción, publicación, distribución, fabricación o copyright |
1996 |
| 300 ## - DESCRIPCIÓN FÍSICA |
| Extensión |
276 páginas; |
| Otras características físicas |
Tapa Rústica, |
| Dimensiones |
20 cm. |
| 500 ## - NOTA GENERAL |
| Nota general |
Pepita Jiménez hace parte de la tradición clásica española, fusionada con el romanticismo del siglo XIX. El autor, habla de la influencia de los místicos españoles de los siglos XVI y XVII, que al margen de su iluminado pensamiento le permiten a la novela expresarse en un lenguaje castizo, de estilo galante, en su forma y fondo, convirtiéndola en una de las creaciones más puras de la cultura española. Las sutilezas del espíritu y el crudo sentido del humor de la picaresca se conjugan magistralmente en la novela. <br/>La fuente platónica del amor provoca intensas pasiones en don Pedro y su hijo don Luis, atraídos ferozmente por la musa Pepita Jiménez, mujer humilde y bella, venida a menos por la muerte de su esposo. Lo esencial de la trama es la lucha entre el deseo obsesivo de posesión de la mujer amada y transformar esa fuerza en un método de conocimiento para ascender a los ámbitos celestes de la perfección espiritual. |
| 521 ## - NOTA DE PÚBLICO DESTINATARIO |
| Nota de público destinatario |
Recomendado para un público mayor a 15 años |
| 650 17 - PUNTO DE ACCESO ADICIONAL DE MATERIA--TÉRMINO DE MATERIA |
| Término de materia o nombre geográfico como elemento de entrada |
Novela española |
| Subdivisión cronológica |
Siglo XIX |
| Fuente del encabezamiento o término |
ARMARC |
| 9 (RLIN) |
218460 |
| 650 17 - PUNTO DE ACCESO ADICIONAL DE MATERIA--TÉRMINO DE MATERIA |
| Término de materia o nombre geográfico como elemento de entrada |
Literatura española |
| Subdivisión cronológica |
Siglo XIX |
| Fuente del encabezamiento o término |
ARMARC |
| 9 (RLIN) |
218461 |
| 650 17 - PUNTO DE ACCESO ADICIONAL DE MATERIA--TÉRMINO DE MATERIA |
| Término de materia o nombre geográfico como elemento de entrada |
Novela amorosa |
| Subdivisión general |
Siglo XIX |
| Fuente del encabezamiento o término |
ARMARC |
| 9 (RLIN) |
139217 |
| 942 ## - ELEMENTOS DE PUNTO DE ACCESO ADICIONAL (KOHA) |
| Fuente del sistema de clasificación o colocación |
|
| Tipo de ítem Koha |
Libro Literatura |